L'Ordine della follia /

Guardat en:
Dades bibliogràfiques
Altres autors: La Fata, Ilaria (Director), Adorni, Marco (Director), Becchetti, Margherita (Director)
Format: Diapositiva
Idioma:italià
Publicat: Parma : Centro studi movimenti Parma, 2009
Etiquetes: Afegir etiqueta
Sense etiquetes, Sigues el primer a etiquetar aquest registre!

MARC

LEADER 00000ngm a2200000 i 4500
001 IT\ICCU\PAR\1135407
003 ItRI
005 20260124182809.0
008 090422s2009 it |||||||||||||||k|||||c
040 |b ita 
041 7 |a ita  |2 ISO-639-2 
130 2 |a L'ordine della follia <documentario ; 2009>  |3 IT\ICCU\DDS\1888615 
245 0 2 |a L'Ordine della follia /  |c scritto e diretto da Marco Adorni, Margherita Becchetti, Ilaria La Fata ; testimonianze di Giovanni Braidi, Bruno Fontanesi, Ferruccio Giacanelli ... [et al.] ; prodotto da Provincia di Parma in collaborazione con Centro studi movimenti Parma. 
260 |a Parma :  |b Centro studi movimenti Parma,  |c 2009 
300 |a 1 DVD-video (065 min) :  |b a colori, PAL ;  |c 12 cm 
500 |a Produzione: Italia, 2009 
500 |a Caratteristiche tecniche: PAL; formato video panoramico; audio stereo 
700 1 |a Giacanelli, Ferruccio  |0 IT\ICCU\CFIV\041158  |4 ive 
700 1 |a La Fata, Ilaria  |0 IT\ICCU\PARV\338070  |4 drt 
700 1 |a Rotelli, Franco  |0 IT\ICCU\RAVV\073189  |4 ive 
700 1 |a Slavich, Antonio  |0 IT\ICCU\RAVV\363373  |4 ive 
700 1 |a Adorni, Marco  |0 IT\ICCU\RAVV\388801  |4 drt 
700 1 |a Braidi, Giovanni  |0 IT\ICCU\SBLV\258049  |4 ive 
700 1 |a Fontanesi, Bruno  |0 IT\ICCU\SBLV\258050  |4 ive 
700 1 |a Becchetti, Margherita  |0 IT\ICCU\TO0V\383353  |4 drt 
790 1 |a Slavich, A.  |3 IT\ICCU\SBNV\061516  |z Slavich, Antonio 
942 |2 ddc  |c VM  |n 0 
952 |0 0  |1 0  |4 0  |6 VO_1664_000000000000000  |7 0  |9 26427  |a BO  |b BO  |d 2026-01-24  |i 12868  |l 0  |o VO 1664  |p BO12868  |r 2026-01-24 18:28:09  |w 2026-01-24  |x [Sebina 5] [1 dvd]  |y VM  |z 1 dvd 
999 |c 22337  |d 22337